000 00705nam a2200217 a 4500
001 21588
003 CO-ViMGA
008 141112s2004 ck r 000 u spa d
020 _a8482724215
040 _aCO-ViMGA
_bspa
_cCO-ViMGA
082 0 4 _a364.3 F377d
100 1 _aFerri, Enrico
_930833
245 1 0 _aLos delincuentes en el arte
260 _aBogotá :
_bTemis,
_c1990
300 _a198
590 _aForma de adquisición : Donación fact. 8852 - - Precio : 25000 - - Proveedor : Fundación exito - - Fecha de adquisición : Junio 2007
650 1 4 _aANTROPOLOGIA CRIMINAL
_930834
650 1 4 _aCRIMINOLOGIA - ASPECTOS SOCIALES
_930835
650 1 4 _aPSICOLOGIA CRIMINAL
_930836
942 _2ddc
_cBK
999 _c30164
_d30164